000 01491cam a2200193 a 4500
999 _c3488
_d3488
020 _a1881052680 (alk. paper)
050 0 0 _aHD4904.7
_b.H862
245 0 0 _aHuman resource development research handbook :
_blinking research and practice /
_cRichard A. Swanson, Elwood F. Holton III, editors.
250 _a1st ed.
260 _aSan Francisco :
_bBerrett-Koehler,
_cc1997.
300 _axv, 233 p. :
_bill. ;
_c24 cm.
440 2 _aA publication in the Berrett-Koehler organizational performance series
500 _a"Sponsored by The Academy of Human Resource Development & The American Society for Training and Development."
505 _aChapter 1. HRD Research: Don't Go to Work Without It! / Richard A. Swanson -- Chapter 2. How Research Contributes to the HRD Value Chain Michael P. Leimbach and Timothy T. Baldwin -- Chapter 3. HRD Partnerships for Integrating HRD Research and Practice / Ronald L. Jacobs -- Chapter 4. Quantitative Research Methods / Elwood F. Holton III and Michael F. Burnett -- Chapter 5. Qualitative Research Methods / Barbara L. Swanson, Karen E. Watkins and Victoria J. Marsick -- Chapter 6. Theory-Building Research Methods / Richard J. Torraco -- Chapter 7. Case Study Research Methods / Victoria J. Marsick and Karen E. Watkins -- Chapter 8. Examples of Excellent HRD Research / Gary N. McLean and Darlene Russ-Eft.
650 0 _aHuman capital
_xResearch
_xMethodology.
700 1 _aSwanson, Richard A.,
700 1 _aHolton, Elwood F.,
942 _cBK